Anna Maria Maiolino. (Record no. 1052)
[ view plain ]
| 000 -LEADER | |
|---|---|
| campo de control de longitud fija | 01704cam a22002894a 4500 |
| 001 - NÚMERO DE CONTROL | |
| campo de control | 14283246 |
| 005 - FECHA Y HORA DE LA ÚLTIMA TRANSACCIÓN | |
| campo de control | 20220326193356.0 |
| 008 - DATOS DE LONGITUD FIJA--INFORMACIÓN GENERAL | |
| campo de control de longitud fija | 060302s2006 bl a bc s000 0dpor |
| 010 ## - NÚMERO DE CONTROL DE LA BIBLIOTECA DEL CONGRESO | |
| Número de control de LC | 2006923175 |
| 020 ## - NÚMERO INTERNACIONAL ESTÁNDAR DEL LIBRO | |
| Número Internacional Estándar del Libro | 0974615021 |
| 040 ## - FUENTE DE CATALOGACIÓN | |
| Centro catalogador/agencia de origen | DLC |
| Centro/agencia transcriptor | DLC |
| 041 0# - CÓDIGO DE IDIOMA | |
| Código de lengua del texto/banda sonora o título independiente | por |
| -- | eng |
| 082 ## - NÚMERO DE LA CLASIFICACIÓN DECIMAL DEWEY | |
| Número de clasificación | 708 |
| Número de ítem | M227a |
| 100 1# - ENTRADA PRINCIPAL--NOMBRE DE PERSONA | |
| Nombre de persona | Maiolino, Anna Maria, |
| Fechas asociadas al nombre | 1942- |
| 9 (RLIN) | 5516 |
| 245 10 - MENCIÓN DEL TÍTULO | |
| Título | Anna Maria Maiolino. |
| Mención de responsabilidad, etc. | Rina Carvajal (editor) |
| 260 ## - PUBLICACIÓN, DISTRIBUCIÓN, ETC. | |
| Lugar de publicación, distribución, etc. | [São Paulo] : |
| Nombre del editor, distribuidor, etc. | Pinacoteca do Estado de São Paulo ; |
| Lugar de publicación, distribución, etc. | [Miami] : |
| Nombre del editor, distribuidor, etc. | Miami Art Central, |
| Fecha de publicación, distribución, etc. | c2006. |
| 300 ## - DESCRIPCIÓN FÍSICA | |
| Extensión | 172 p. : |
| Otras características físicas | ill. ; |
| Dimensiones | 27 cm. |
| 500 ## - NOTA GENERAL | |
| Nota general | Catalog of the exhibitions "Anna Maria Maiolino: entre muitos", held at Pinacoteca do Estado de São Paulo, Nov. 5, 2005-Jan. 8, 2006 and "Anna Maria Maiolino: territories of immanence", held at the Miami Art Central, Mar. 23-June 18, 2006. |
| 504 ## - NOTA DE BIBLIOGRAFÍA, ETC. | |
| Nota de bibliografía, etc. | Includes bibliographical references (p. 166-167). |
| 505 ## - NOTA DE CONTENIDO CON FORMATO | |
| Título | Catalog of the exhibitions "Anna Maria Maiolino: entre muitos", held at Pinacoteca do Estado de São Paulo, Nov. 5, 2005-Jan. 8, 2006 and "Anna Maria Maiolino: territories of immanence", held at the Miami Art Central, Mar. 23-June 18, 2006. |
| -- | Prefacio |
| -- | foreword |
| -- | Habitar o espacio |
| -- | Dwelling on space |
| -- | "ciao bella": Uma migrante por dentro por fuera |
| -- | "ciao bella": the ims and outs of a migrant |
| -- | a arte da immanence |
| -- | cronología |
| -- | Bibliografía |
| -- | obras na exposicao |
| -- | exhibition checklist |
| 546 ## - NOTA DE IDIOMA | |
| Nota de lengua/lenguaje | Portuguese and English. |
| 600 10 - PUNTO DE ACCESO ADICIONAL DE MATERIA--NOMBRE DE PERSONA | |
| Nombre de persona | Maiolino, Anna Maria, |
| Fechas asociadas al nombre | 1942- |
| Subdivisión de forma | Exhibitions. |
| 9 (RLIN) | 5517 |
| 710 1# - ENTRADA AGREGADA--NOMBRE DE ENTIDAD CORPORATIVA | |
| Nombre de entidad corporativa o nombre de jurisdicción como elemento de entrada | São Paulo (Brazil : State). |
| Unidad subordinada | Pinacoteca do Estado. |
| 9 (RLIN) | 2732 |
| 710 2# - ENTRADA AGREGADA--NOMBRE DE ENTIDAD CORPORATIVA | |
| Nombre de entidad corporativa o nombre de jurisdicción como elemento de entrada | Miami Art Central. |
| 9 (RLIN) | 5518 |
| 906 ## - ELEMENTOS DE DATOS F LOCAL, LDF (RLIN) | |
| a | 7 |
| b | cbc |
| c | orignew |
| d | 2 |
| e | epcn |
| f | 20 |
| g | y-gencatlg |
| Estatus retirado | Estado de pérdida | Fuente del sistema de clasificación o colocación | Estado de daño | No para préstamo | Biblioteca de origen | Biblioteca actual | Ubicación en estantería | Fecha de adquisición | Total de préstamos | Signatura topográfica completa | Código de barras | Visto por última vez | Precio de reemplazo | Tipo de ítem Koha |
|---|---|---|---|---|---|---|---|---|---|---|---|---|---|---|
| Clasificación Decimal Dewey | Biblioteca LadoV | Biblioteca LadoV | 23/09/2016 | 708 M227a | 001030 | 23/09/2016 | 23/09/2016 | Material 01 |
